Personálny manažment dcérskej spoločnosti vybraného multinacionálneho podniku na Slovensku diplomová práca

Guardado en:
Detalles Bibliográficos
Autor principal: Mikóczyová, Veronika
Autor Corporativo: Fakulta podnikového manažmentu EU. Katedra manažmentu
Otros Autores: Sršňová, Jana
Formato: Libro
Lenguaje:eslovaco
Publicado: Bratislava 2009
Etiquetas: Agregar Etiqueta
Sin Etiquetas, Sea el primero en etiquetar este registro!

MARC

LEADER 00000nam$a2200000$$$4500
001 0101826
005 20240320075309.2
041 0 |a slo 
044 |a SK 
245 1 0 |a Personálny manažment dcérskej spoločnosti vybraného multinacionálneho podniku na Slovensku  |b diplomová práca  |c Veronika Mikóczyová ; škol. Jana Sršňová 
264 1 |a Bratislava  |c 2009 
300 |a 82 s. 
100 1 |a Mikóczyová, Veronika 
700 1 |a Sršňová, Jana 
710 2 |a Fakulta podnikového manažmentu EU. Katedra manažmentu